Normal view
MARC view
Entry Término temático
001 - NÚMERO DE CONTROL
- campo de control: 141427
003 - IDENTIFICADOR DEL NÚMERO DE CONTROL
- campo de control: OSt
005 - FECHA Y HORA DE LA ÚLTIMA TRANSACCIÓN
- campo de control: 20220127160008.0
008 - DATOS DE LONGITUD FIJA
- campo de control de longitud fija: 220127|| aca||aabn | a|a d
040 ## - FUENTE DE LA CATALOGACIÓN
- Centro catalogador/agencia de origen: OSt
- Centro/agencia transcriptor: OSt
150 ## - ENCABEZAMIENTO--TÉRMINO DE MATERIA
- Término de materia o nombre geográfico como elemento de entrada: Ganadería
- Subdivisión general: Estadísticas
- Subdivisión general: México I. Pro Martínez, Arturo II. Colegio de Postgraduados. Montecillo, Méx
670 ## - FUENTE DE DATOS ENCONTRADOS
- Cita de la fuente: Work cat.: (OSt)167262: Instituto Nacional de Estadística, Geografía e Informática. México 139692, Análisis y reflexiones sobre la ganadería bovina en México : VII censo agropecuario, 1991 /, 1995
